书目信息 |
| 题名: |
道德与法治共融的德育课堂
|
|
| 作者: | 马建萍 著 | |
| 分册: | ||
| 出版信息: | 南昌 江西教育出版社 2021.08 |
|
| 页数: | 164页 | |
| 开本: | 24cm | |
| 丛书名: | ||
| 单 册: | ||
| 中图分类: | G623.152 | |
| 科图分类: | ||
| 主题词: | 思想品德课--课堂教学--教学研究--小学 | |
| 电子资源: | ||
| ISBN: | 978-7-5705-2797-7 | |
| 000 | 00953nam0 2200241 450 | |
| 001 | 012001001493 | |
| 005 | 20140201151742.0 | |
| 010 | @a978-7-5705-2797-7@dCNY48.00 | |
| 100 | @a20220905d2021 em y0chiy50 ea | |
| 101 | 0 | @achi |
| 102 | @aCN@b360000 | |
| 105 | @ay z 000yy | |
| 106 | @ar | |
| 200 | 1 | @a道德与法治共融的德育课堂@Adao de yu fa zhi gong rong de de yu ke tang@f马建萍著 |
| 210 | @a南昌@c江西教育出版社@d2021.08 | |
| 215 | @a164页@d24cm | |
| 300 | @a滕阁读书 | |
| 330 | @a本书稿从小学道德与法治课程的基本性质、课程内容的有效组织、课程的育人取向以及评价导向等方面切入研究,分成日常生活中的基本文明素养教育、规则教育和民主法治教育、爱党爱国与革命传统教育、中华优秀传统文化教育、生态伦理教育、国家领土与主权教育、国际视野教育等章节进行阐述。 | |
| 606 | 0 | @a思想品德课@x课堂教学@x教学研究@x小学 |
| 690 | @aG623.152@v5 | |
| 701 | 0 | @a马建萍@Ama jian ping@4著 |
| 801 | 0 | @aCN@bAHXH@c20221111 |
| 905 | @b1366383-7@dG623.152@e2688@f5 | |
| 道德与法治共融的德育课堂/马建萍著.-南昌:江西教育出版社,2021.08 |
| 164页;24cm |
| 滕阁读书 |
| ISBN 978-7-5705-2797-7:CNY48.00 |
| 本书稿从小学道德与法治课程的基本性质、课程内容的有效组织、课程的育人取向以及评价导向等方面切入研究,分成日常生活中的基本文明素养教育、规则教育和民主法治教育、爱党爱国与革命传统教育、中华优秀传统文化教育、生态伦理教育、国家领土与主权教育、国际视野教育等章节进行阐述。 |
| ● |
| 相关链接 |
|
|
|
|
正题名:道德与法治共融的德育课堂
索取号:G623.152/2688
 
预约/预借
| 序号 | 登录号 | 条形码 | 馆藏地/架位号 | 状态 | 备注 |
| 1 | 1366383 | 213663837 | 第一样本阅览室/ [索取号:G623.152/2688] | 在馆 | |
| 2 | 1366384 | 213663846 | 教育系资料室/ [索取号:G623.152/2688] | 在馆 | |
| 3 | 1366385 | 213663855 | 教育系资料室/ [索取号:G623.152/2688] | 在馆 | |
| 4 | 1366386 | 213663864 | 第四借阅区/ [索取号:G623.152/2688] | 在馆 | |
| 5 | 1366387 | 213663873 | 第四借阅区/ [索取号:G623.152/2688] | 在馆 |